• 首页
  • 本馆介绍
  • 公告通知
  • 最新文献
  • 馆藏检索
  • 电子资源
  • 读者导购
  • 参考咨询
  • 我的图书馆
  • 登录
  • 详细信息显示
  • 放入我的书架
  • 预约/预借图书
  • 作者相关作品
  • 分类相关作品
  • 丛书相关作品
  • 出版社相关作品

书目信息

  • 表格格式
  • 工作单格式
  • 卡片格式
题名:
你的责任,就是你的方向
    
 
作者: 叶磊 著
分册:  
出版信息: 北京   中华工商联合出版社  2017
页数: 200页
开本: 24cm
丛书名:
单 册:
中图分类: B822.9
科图分类:
主题词: 责任感--通俗读物
电子资源:
ISBN: 978-7-5158-1907-5
000 00842nam0 2200241 450
001 012001001677
005 20140921103355.0
010    @a978-7-5158-1907-5@dCNY36.00
100    @a20170905d2017 em y0chiy50 ea
101 0  @achi
102    @aCN@b110000
105    @aa z 000yy
106    @ar
200 1  @a你的责任,就是你的方向@9ni de ze ren , jiu shi ni de fang xiang@dYour responsibilities guide your way@f叶磊著@zeng
210    @a北京@c中华工商联合出版社@d2017
215    @a200页@c图@d24cm
330    @a本书将责任与我们的工作生活紧密相连,帮助读者明确责任,培养责任心,扫清前进道路上的各种障碍,勇敢前行。
510 1  @aYour responsibilities guide your way@zeng
606 0  @a责任感@j通俗读物
690    @aB822.9@v5
701  0 @a叶磊@9ye lei@c(军事)@4著
801  0 @aCN@b上海新华@c20180901
905    @b1156825-9@dB822.9@e1142@f5
    
    你的责任,就是你的方向=Your responsibilities guide your way/叶磊著.-北京:中华工商联合出版社,2017
    200页:图;24cm
    
    
    ISBN 978-7-5158-1907-5:CNY36.00
    本书将责任与我们的工作生活紧密相连,帮助读者明确责任,培养责任心,扫清前进道路上的各种障碍,勇敢前行。
●
相关链接 在E读中查询图书 在五车中查询图书 在当当中查询图书 在豆瓣中查询图书


正题名:你的责任,就是你的方向     索取号:B822.9/1142         预约/预借

序号 登录号 条形码 馆藏地/架位号 状态 备注
1 1156825   211568258   第一样本阅览室/ [索取号:B822.9/1142] 在馆    
2 1156826   211568267   第一借阅区/ [索取号:B822.9/1142] 在馆    
3 1156827   211568276   第一借阅区/ [索取号:B822.9/1142] 在馆    
4 1156828   211568285   第一借阅区/ [索取号:B822.9/1142] 在馆    
5 1156829   211568294   第一借阅区/ [索取号:B822.9/1142] 在馆    
唐山师范学院图书馆 欢迎您!
大连网信软件有限公司© 版权所有